<?xml version="1.0" encoding="UTF-8"?>
<record
    xmlns:xsi="http://www.w3.org/2001/XMLSchema-instance"
    xsi:schemaLocation="http://www.loc.gov/MARC21/slim http://www.loc.gov/standards/marcxml/schema/MARC21slim.xsd"
    xmlns="http://www.loc.gov/MARC21/slim">

  <leader>00604nam a2200169   4500</leader>
  <controlfield tag="001">4727</controlfield>
  <controlfield tag="005">20181127174008.0</controlfield>
  <datafield tag="090" ind1="0" ind2="0">
    <subfield code="a">POL.SCI CAP No.3</subfield>
  </datafield>
  <datafield tag="245" ind1="0" ind2="0">
    <subfield code="a">Gift giving culture in the Bhutanese society /</subfield>
    <subfield code="b"></subfield>
    <subfield code="c">Student Work.</subfield>
    <subfield code="h"></subfield>
  </datafield>
  <datafield tag="260" ind1="0" ind2="0">
    <subfield code="a">[Thimphu] :</subfield>
    <subfield code="b">[Royal Thimphu College],</subfield>
    <subfield code="c">2015.</subfield>
  </datafield>
  <datafield tag="300" ind1=" " ind2=" ">
    <subfield code="a">21 leaves.</subfield>
    <subfield code="b"></subfield>
    <subfield code="c"></subfield>
    <subfield code="e"></subfield>
  </datafield>
  <datafield tag="500" ind1=" " ind2=" ">
    <subfield code="a">Recommended.</subfield>
  </datafield>
  <datafield tag="500" ind1=" " ind2=" ">
    <subfield code="a">Student research project for BA, Political Science(Capstone  Project):(2015): DOlma Roder, lecturer. </subfield>
  </datafield>
  <datafield tag="500" ind1="0" ind2="0">
    <subfield code="a">Spiral-bound xerographic copy.</subfield>
  </datafield>
  <datafield tag="650" ind1=" " ind2=" ">
    <subfield code="a">Bhutan </subfield>
    <subfield code="v">Social life and customs.</subfield>
    <subfield code="x"></subfield>
    <subfield code="y"></subfield>
    <subfield code="z"></subfield>
    <subfield code="2"></subfield>
  </datafield>
  <datafield tag="650" ind1=" " ind2=" ">
    <subfield code="a">Capstone Project.</subfield>
    <subfield code="v"></subfield>
    <subfield code="x"></subfield>
    <subfield code="y"></subfield>
    <subfield code="z"></subfield>
    <subfield code="2"></subfield>
  </datafield>
  <datafield tag="999" ind1=" " ind2=" ">
    <subfield code="c">3928</subfield>
    <subfield code="d">3928</subfield>
  </datafield>
  <datafield tag="952" ind1=" " ind2=" ">
    <subfield code="0">0</subfield>
    <subfield code="1">0</subfield>
    <subfield code="4">0</subfield>
    <subfield code="7">0</subfield>
    <subfield code="8">STUDENT WORK</subfield>
    <subfield code="a">RTCLIB</subfield>
    <subfield code="b">RTCLIB</subfield>
    <subfield code="c">STUDENT WORK</subfield>
    <subfield code="d">2021-03-08</subfield>
    <subfield code="h"> </subfield>
    <subfield code="i">7452</subfield>
    <subfield code="l">2</subfield>
    <subfield code="m">1</subfield>
    <subfield code="o">POL. SCI CAP No. 3STUDENT WORK</subfield>
    <subfield code="p">30007625</subfield>
    <subfield code="r">2021-03-22 00:00:00</subfield>
    <subfield code="s">2021-03-08</subfield>
    <subfield code="w">2018-11-27</subfield>
    <subfield code="y">STUDENT WO</subfield>
  </datafield>
</record>
